[Event "Chigorin Memorial 30th"]
[Site "St Petersburg"]
[Date "2023.10.23"]
[Round "3"]
[White "Ryumin, Zakhar"]
[Black "Shkuratov, Vladimir"]
[Result "1/2-1/2"]
[WhiteElo "1999"]
[BlackElo "2272"]
[PlyCount "81"]
[EventDate "2023.10.21"]
[EventType "swiss"]
[EventRounds "9"]
[EventCountry "RUS"]
[SourceTitle "Mega2024 Update 01"]
[Source "Chessbase"]
[SourceDate "2023.11.12"]
[SourceVersion "1"]
[SourceVersionDate "2023.11.12"]
[SourceQuality "1"]

1. c4 Nf6 2. Nf3 g6 3. g3 Bg7 4. Bg2 0-0 5. d4 d6 6. Nc3 Nc6 7. 0-0 e5 8. Be3 h6 9. h3 Nd7 10. Qd2 Kh7 11. Rad1 f5 12. dxe5 dxe5 13. Nd5 e4 14. Nd4 Nde5 15. b3 Nxd4 16. Bxd4 c6 17. Qc3 Re8 18. Ne3 Qe7 19. c5 Nd7 20. Bxg7 Qxg7 21. Qb4 Qe7 22. Rd6 Ne5 23. Rfd1 Nf7 24. R6d4 Be6 25. Qc3 Rad8 26. Rxd8 Rxd8 27. Rxd8 Qxd8 28. f3 exf3 29. exf3 Qg5 30. Kh2 f4 31. Ng4 fxg3+ 32. Kxg3 Bxg4 33. f4 Qe7 34. hxg4 g5 35. fxg5 hxg5 36. Qd3+ Kg7 37. Qd4+ Qe5+ 38. Qxe5+ Nxe5 39. Be4 Kf6 40. Bf5 Ke7 41. Kf2 1/2-1/2

[Event "Chigorin Memorial 30th"]
[Site "St Petersburg"]
[Date "2023.10.22"]
[Round "2"]
[White "Shkuratov, Vladimir"]
[Black "Litvinov, Anton"]
[Result "1-0"]
[WhiteElo "2272"]
[BlackElo "1974"]
[PlyCount "115"]
[EventDate "2023.10.21"]
[EventType "swiss"]
[EventRounds "9"]
[EventCountry "RUS"]
[SourceTitle "Mega2024 Update 01"]
[Source "Chessbase"]
[SourceDate "2023.11.12"]
[SourceVersion "1"]
[SourceVersionDate "2023.11.12"]
[SourceQuality "1"]

1. e4 e5 2. Nf3 d6 3. d4 exd4 4. Nxd4 Nf6 5. Nc3 Be7 6. Bf4 0-0 7. Qd2 Nc6 8. 0-0-0 Nxd4 9. Qxd4 a6 10. e5 dxe5 11. Qxe5 Bd6 12. Qd4 Bxf4+ 13. Qxf4 Qe7 14. Bc4 Be6 15. Rhe1 Rad8 16. Rxd8 Rxd8 17. Bxe6 fxe6 18. Ne4 e5 19. Qh4 Qe6 20. Nxf6+ gxf6 21. Re3 Rd7 22. Qh6 Qf7 23. f4 exf4 24. Qxf4 Re7 25. Qg4+ Kf8 26. Rd3 c6 27. b3 Qg6 28. Qc8+ Kf7 29. Rg3 Qh6+ 30. Kb2 Qf8 31. Qf5 Ke8 32. Rf3 Qg7 33. Qc8+ Kf7 34. Rg3 Qf8 35. Qh3 Ke8 36. Qf5 Kd8 37. Rf3 Rf7 38. g4 Qg7 39. Rd3+ Rd7 40. Rxd7+ Qxd7 41. Qxf6+ Kc7 42. h3 Kb8 43. a4 Ka7 44. Qe5 Qf7 45. h4 Qg6 46. Qd4+ Kb8 47. h5 Qh6 48. Qe5+ Ka7 49. Qf5 Qg7+ 50. Ka2 Qh6 51. Qe5 Qd2 52. Kb2 Qd1 53. Qe4 h6 54. Qe3+ Kb8 55. Qxh6 Qxg4 56. Qh8+ Ka7 57. h6 c5 58. Qg7 1-0

[Event "Chigorin Memorial 30th"]
[Site "St Petersburg"]
[Date "2023.10.21"]
[Round "1"]
[White "Dushin, Nikolay"]
[Black "Shkuratov, Vladimir"]
[Result "0-1"]
[WhiteElo "1738"]
[BlackElo "2272"]
[PlyCount "132"]
[EventDate "2023.10.21"]
[EventType "swiss"]
[EventRounds "9"]
[EventCountry "RUS"]
[SourceTitle "Mega2024 Update 01"]
[Source "Chessbase"]
[SourceDate "2023.11.12"]
[SourceVersion "1"]
[SourceVersionDate "2023.11.12"]
[SourceQuality "1"]

1. d4 Nf6 2. Nf3 e6 3. c4 Bb4+ 4. Nbd2 a5 5. a3 Bxd2+ 6. Bxd2 a4 7. Qc2 d5 8. e3 0-0 9. Rc1 c6 10. Bd3 Nbd7 11. cxd5 exd5 12. 0-0 Re8 13. Bb4 Ne4 14. Bxe4 dxe4 15. Nd2 Nf6 16. Nc4 Nd5 17. Qd2 Re6 18. f3 exf3 19. Rxf3 Nf6 20. Rcf1 b6 21. Ne5 c5 22. Bc3 Ba6 23. Rd1 Bb7 24. Rff1 Qe8 25. Qf2 Ba6 26. Rfe1 cxd4 27. exd4 Nd5 28. Bd2 f6 29. Nf3 Rd8 30. Rxe6 Qxe6 31. Re1 Qf5 32. Nh4 Qd7 33. Qf3 Bb7 34. Qe4 g6 35. Nf3 Bc6 36. Qe6+ Qxe6 37. Rxe6 Bb7 38. Re1 Kf7 39. Kf2 g5 40. g3 Nc7 41. Bc3 Nb5 42. Rd1 Rc8 43. Rd3 Be4 44. Re3 Bd5 45. Nd2 h5 46. Ke2 Nd6 47. Kd3 h4 48. gxh4 Nf5 49. Re1 Nxh4 50. Bb4 Nf5 51. Ne4 Bc4+ 52. Kd2 Rd8 53. Bc3 Bd5 54. Ng3 Nh4 55. Kd3 Nf3 56. Re2 b5 57. Rf2 Rh8 58. Nf1 f5 59. Ng3 Kg6 60. Nf1 g4 61. Bb4 Bc4+ 62. Ke3 Bxf1 63. Rxf1 Nxh2 64. Rh1 Re8+ 65. Kf2 f4 66. Bd6 g3+ 0-1

[Event "RUS-ch Rapid"]
[Site "Sochi"]
[Date "2023.10.15"]
[Round "3"]
[White "Obgolts, Erik"]
[Black "Shkuratov, Vladimir"]
[Result "1-0"]
[WhiteElo "2448"]
[BlackElo "2272"]
[PlyCount "113"]
[EventDate "2023.10.15"]
[EventType "swiss (rapid)"]
[EventRounds "11"]
[EventCountry "RUS"]
[SourceTitle "Mega2024 Update 01"]
[Source "Chessbase"]
[SourceDate "2023.11.12"]
[SourceVersion "1"]
[SourceVersionDate "2023.11.12"]
[SourceQuality "1"]

1. e4 e5 2. Nf3 Nc6 3. Bb5 a6 4. Ba4 d6 5. 0-0 Bd7 6. c4 g6 7. d4 Bg7 8. d5 Nb8 9. Nc3 Nf6 10. c5 0-0 11. Bxd7 Nbxd7 12. cxd6 cxd6 13. Be3 b5 14. Nd2 Nb6 15. a4 bxa4 16. Nxa4 Nfd7 17. Nxb6 Nxb6 18. Qe2 a5 19. Qb5 Rb8 20. Qxa5 f5 21. Rfc1 Nc8 22. Qxd8 Rxd8 23. f3 Rxb2 24. Ra8 f4 25. Nc4 Rb3 26. Bd2 Rf8 27. Na5 Rb2 28. Rcxc8 Rxd2 29. Nc4 Rd1+ 30. Kf2 Rxc8 31. Rxc8+ Bf8 32. Nxd6 Kg7 33. Nc4 Rc1 34. d6 Rd1 35. Ke2 Rd4 36. Rc7+ Kf6 37. Rc6 Ke6 38. d7+ Kxd7 39. Nxe5+ Ke7 40. Rxg6 Ra4 41. Rg8 Ra2+ 42. Kd3 Bh6 43. Nc4 Kf7 44. Rg4 Kf6 45. g3 Rxh2 46. gxf4 Bf8 47. Rg5 h5 48. Rf5+ Kg7 49. Ne5 h4 50. Rg5+ Kh7 51. f5 h3 52. Rh5+ Kg7 53. Ng4 Rh1 54. Nf2 Rh2 55. Nxh3 Bd6 56. f4 Bc7 57. e5 1-0

[Event "RUS-ch Blitz"]
[Site "Sochi"]
[Date "2023.10.14"]
[Round "10"]
[White "Levin, Evgeny A"]
[Black "Shkuratov, Vladimir"]
[Result "1-0"]
[WhiteElo "2478"]
[BlackElo "2272"]
[PlyCount "70"]
[EventDate "2023.10.14"]
[EventType "swiss (blitz)"]
[EventRounds "13"]
[EventCountry "RUS"]
[SourceTitle "Mega2024 Update 01"]
[Source "Chessbase"]
[SourceDate "2023.11.12"]
[SourceVersion "1"]
[SourceVersionDate "2023.11.12"]
[SourceQuality "1"]

1. d4 Nf6 2. Nf3 g6 3. Bg5 Bg7 4. Nbd2 d5 5. e3 0-0 6. Be2 c6 7. 0-0 Bg4 8. h3 Bxf3 9. Bxf3 Nbd7 10. c4 h6 11. Bf4 Re8 12. cxd5 Nxd5 13. Bxd5 cxd5 14. Qb3 Nb6 15. Rfc1 Rc8 16. a4 Qd7 17. a5 Na8 18. Nf3 e6 19. Ne5 Qe7 20. Nd3 g5 21. Bg3 Bf8 22. Rc3 Rxc3 23. bxc3 Rc8 24. Nc5 b6 25. axb6 axb6 26. Nd3 Qb7 27. h4 f6 28. hxg5 hxg5 29. Ra4 Nc7 30. Ra2 Qc6 31. Nb4 Qb5 32. Ra7 Ne8 33. Qb1 f5 34. Be5 Rxc3 35. Qd1 g4 1-0

[Event "RUS-ch Blitz"]
[Site "Sochi"]
[Date "2023.10.14"]
[Round "9"]
[White "Shkuratov, Vladimir"]
[Black "Shubin, Kirill"]
[Result "1/2-1/2"]
[WhiteElo "2272"]
[BlackElo "2440"]
[PlyCount "73"]
[EventDate "2023.10.14"]
[EventType "swiss (blitz)"]
[EventRounds "13"]
[EventCountry "RUS"]
[SourceTitle "Mega2024 Update 01"]
[Source "Chessbase"]
[SourceDate "2023.11.12"]
[SourceVersion "1"]
[SourceVersionDate "2023.11.12"]
[SourceQuality "1"]

1. e4 g6 2. d4 Bg7 3. Nc3 a6 4. a4 d6 5. Nf3 Nc6 6. Be2 e5 7. Be3 Nge7 8. 0-0 Bg4 9. dxe5 dxe5 10. h3 Bxf3 11. Bxf3 Nd4 12. Bxd4 exd4 13. Nd5 0-0 14. Nxe7+ Qxe7 15. Qd3 c5 16. b3 Rac8 17. a5 h5 18. Rfe1 Be5 19. Be2 h4 20. Ra4 Qg5 21. Qf3 Qd2 22. Rd1 Qxc2 23. Qd3 Qc3 24. Qxc3 dxc3 25. Bc4 Bf4 26. Ra2 Kg7 27. Kf1 Rcd8 28. Bd5 Rd7 29. Ke2 Re8 30. f3 f5 31. Kd3 fxe4+ 32. fxe4 Bd2 33. Raa1 Rf8 34. Rf1 Rxf1 35. Rxf1 Re7 36. Kc2 Rd7 37. Rf3 1/2-1/2

[Event "Moscow op-A 19th"]
[Site "Moscow"]
[Date "2023.07.22"]
[Round "8"]
[White "Shkuratov, Vladimir"]
[Black "Kolesnikov, Evgeny"]
[Result "1/2-1/2"]
[WhiteElo "2158"]
[BlackElo "2367"]
[PlyCount "103"]
[EventDate "2023.07.17"]
[EventType "swiss"]
[EventRounds "9"]
[EventCountry "RUS"]
[SourceTitle "CBM 215 Extra"]
[Source "ChessBase"]
[SourceDate "2023.09.30"]
[SourceVersion "1"]
[SourceVersionDate "2023.09.30"]
[SourceQuality "1"]

1. e4 c5 2. Nf3 e6 3. d4 cxd4 4. Nxd4 Nc6 5. Nc3 a6 6. Be3 Nf6 7. Qd2 Bb4 8. f3 d5 9. a3 Qa5 10. Nb3 Bxc3 11. Nxa5 Bxd2+ 12. Bxd2 Nxa5 13. Bxa5 dxe4 14. Bc3 exf3 15. gxf3 Nh5 16. Rg1 f6 17. 0-0-0 Bd7 18. Bc4 Rc8 19. Bb3 Rxc3 20. bxc3 Ke7 21. Kb2 Rc8 22. Rg4 Rc5 23. Rgd4 Bc6 24. Ba4 e5 25. Rd7+ Bxd7 26. Rxd7+ Ke6 27. Rxb7 Kf5 28. Kb3 a5 29. Be8 Kf4 30. Bxh5 e4 31. fxe4 Rxh5 32. Rxg7 Kxe4 33. c4 Rxh2 34. Re7+ Kd4 35. Rd7+ Ke5 36. c5 f5 37. c6 Rh6 38. Re7+ Kd5 39. c7 Rc6 40. Rxh7 f4 41. Rf7 Ke4 42. Ka4 Rc5 43. c4 f3 44. c8Q Rxc8 45. Kb5 Ke3 46. a4 f2 47. c5 Ke2 48. Re7+ Kd3 49. Rf7 Ke2 50. Re7+ Kd3 51. Rf7 Ke3 52. Kxa5 1/2-1/2

[Event "Moscow op-A 19th"]
[Site "Moscow"]
[Date "2023.07.20"]
[Round "4"]
[White "Shkuratov, Vladimir"]
[Black "Rozum, Ivan"]
[Result "0-1"]
[WhiteElo "2158"]
[BlackElo "2511"]
[PlyCount "68"]
[EventDate "2023.07.17"]
[EventType "swiss"]
[EventRounds "9"]
[EventCountry "RUS"]
[SourceTitle "CBM 215 Extra"]
[Source "ChessBase"]
[SourceDate "2023.09.30"]
[SourceVersion "1"]
[SourceVersionDate "2023.09.30"]
[SourceQuality "1"]

1. e4 c6 2. d4 d5 3. Nd2 dxe4 4. Nxe4 Nf6 5. Nxf6+ exf6 6. c3 Bd6 7. Bd3 0-0 8. Ne2 Re8 9. Qc2 h5 10. 0-0 h4 11. h3 Nd7 12. Be3 Nf8 13. Rad1 Bd7 14. c4 Rc8 15. Rfe1 Bb8 16. Qd2 Qc7 17. f4 f5 18. d5 cxd5 19. cxd5 Qd6 20. Nc3 a6 21. Qf2 Ng6 22. Rf1 Rxe3 23. Qxe3 Nxf4 24. Rf3 Nxd3 25. Rxd3 Re8 26. Qd4 Bc7 27. Kf1 Bb6 28. Qf4 Qc5 29. Rf2 Bb5 30. Nxb5 Qxb5 31. Qxf5 Bxf2 32. Kxf2 Qxb2+ 33. Kg1 Re1+ 34. Kh2 Qc1 0-1

[Event "Chigorin Memorial 29th"]
[Site "St Petersburg"]
[Date "2022.10.25"]
[Round "4"]
[White "Romanov, Vasily"]
[Black "Shkuratov, Vladimir"]
[Result "0-1"]
[WhiteElo "1806"]
[BlackElo "2055"]
[PlyCount "72"]
[EventDate "2022.10.22"]
[EventType "swiss"]
[EventRounds "9"]
[EventCountry "RUS"]
[SourceTitle "EXT 2024"]
[Source "ChessBase"]
[SourceDate "2023.10.10"]
[SourceVersion "1"]
[SourceVersionDate "2023.10.10"]
[SourceQuality "1"]

1. d4 Nf6 2. c4 e6 3. Nc3 Bb4 4. e3 0-0 5. Nf3 c5 6. Bd3 b6 7. 0-0 Bb7 8. a3 Bxc3 9. bxc3 Ne4 10. Bb2 d6 11. Nd2 Nxd2 12. Qxd2 Nc6 13. Qc2 g6 14. e4 Na5 15. f4 f5 16. Rae1 Rc8 17. d5 exd5 18. exf5 dxc4 19. fxg6 cxd3 20. gxh7+ Kf7 21. Qxd3 Qf6 22. c4 Qxb2 23. Qf5+ Kg7 24. h8Q+ Kxh8 25. Qh5+ Kg8 26. Rf2 Qh8 27. Qg6+ Qg7 28. Qe6+ Rf7 29. Re3 Qa1+ 30. Rf1 Qf6 31. Rg3+ Kf8 32. Qh3 Rcc7 33. Re1 Rce7 34. Rxe7 Kxe7 35. Re3+ Kd8 36. Re6 Qd4+ 0-1

[Event "Chigorin Memorial 29th"]
[Site "St Petersburg"]
[Date "2022.10.24"]
[Round "3"]
[White "Shkuratov, Vladimir"]
[Black "Kovalev, Andrei"]
[Result "0-1"]
[WhiteElo "2055"]
[BlackElo "2462"]
[PlyCount "92"]
[EventDate "2022.10.22"]
[EventType "swiss"]
[EventRounds "9"]
[EventCountry "RUS"]
[SourceTitle "EXT 2024"]
[Source "ChessBase"]
[SourceDate "2023.10.10"]
[SourceVersion "1"]
[SourceVersionDate "2023.10.10"]
[SourceQuality "1"]

1. e4 c5 2. Nf3 e6 3. d4 cxd4 4. Nxd4 a6 5. c4 Nf6 6. Bd3 Nc6 7. Nb3 Qc7 8. Nc3 Ne5 9. Qe2 b6 10. f4 Nxd3+ 11. Qxd3 Bb7 12. 0-0 Rc8 13. Be3 Bb4 14. Nd2 Bxc3 15. Qxc3 b5 16. cxb5 Qxc3 17. bxc3 axb5 18. Rfb1 Bxe4 19. Rxb5 Bc6 20. Rc5 Nd5 21. Kf2 d6 22. Rc4 Kd7 23. g3 Ra8 24. Rd4 Nxc3 25. Nc4 Ne4+ 26. Rxe4 Bxe4 27. Nb6+ Kc6 28. Nxa8 Rxa8 29. a4 Rb8 30. Bd4 f6 31. a5 Rb4 32. Ke3 Rb3+ 33. Kf2 e5 34. fxe5 fxe5 35. Rc1+ Kd5 36. Bc3 Ke6 37. Bd2 Rb2 38. Ke2 Ra2 39. Rc7 g5 40. h4 g4 41. Ke3 Ra3+ 42. Rc3 Rxc3+ 43. Bxc3 Bb7 44. Bb2 d5 45. Ba1 h5 46. Bb2 d4+ 0-1

[Event "Chigorin Memorial 29th"]
[Site "St Petersburg"]
[Date "2022.10.22"]
[Round "1"]
[White "Shkuratov, Vladimir"]
[Black "Kasintsov, Gleb"]
[Result "1-0"]
[WhiteElo "2055"]
[BlackElo "1471"]
[PlyCount "85"]
[EventDate "2022.10.22"]
[EventType "swiss"]
[EventRounds "9"]
[EventCountry "RUS"]
[SourceTitle "EXT 2024"]
[Source "ChessBase"]
[SourceDate "2023.10.10"]
[SourceVersion "1"]
[SourceVersionDate "2023.10.10"]
[SourceQuality "1"]

1. e4 d6 2. d4 Nf6 3. Nc3 Nbd7 4. Nf3 c6 5. e5 dxe5 6. dxe5 Nd5 7. Nxd5 cxd5 8. Qxd5 e6 9. Qe4 Nc5 10. Qd4 Bd7 11. Be3 Qc7 12. 0-0-0 Be7 13. Bg5 Bxg5+ 14. Nxg5 Rc8 15. c3 Ba4 16. Rd2 0-0 17. Bd3 h6 18. Ne4 Nxd3+ 19. Rxd3 Qc4 20. Qxc4 Rxc4 21. Nd6 Rc5 22. Re1 Bc6 23. f3 a5 24. b3 b5 25. Kb2 Rd5 26. Rxd5 exd5 27. e6 fxe6 28. Rxe6 Rf6 29. Rxf6 gxf6 30. Nf5 Kf7 31. Nxh6+ Ke6 32. Ng4 f5 33. Ne3 Ke5 34. Kc2 b4 35. cxb4 axb4 36. Kd2 Bb5 37. Nc2 Bf1 38. g3 f4 39. Nxb4 fxg3 40. hxg3 Kd4 41. Nc2+ Kc5 42. Kc3 Bg2 43. Nd4 1-0

[Event "Sochi Lobanov Memorial Blitz"]
[Site "Sochi"]
[Date "2021.06.26"]
[Round "10"]
[White "Esipenko, Aleksandr"]
[Black "Shkuratov, Vladimir"]
[Result "1-0"]
[WhiteElo "2075"]
[BlackElo "1837"]
[PlyCount "76"]
[EventDate "2021.06.26"]
[EventType "swiss (blitz)"]
[EventRounds "13"]
[EventCountry "RUS"]
[SourceTitle "CBM 203 Extra"]
[Source "ChessBase"]
[SourceDate "2021.09.30"]
[SourceVersion "1"]
[SourceVersionDate "2021.09.30"]
[SourceQuality "1"]

1. e4 c5 2. Nf3 d6 3. Bb5+ Bd7 4. Bxd7+ Qxd7 5. 0-0 e6 6. d4 cxd4 7. Nxd4 Nf6 8. Re1 Be7 9. c4 Nc6 10. Nc3 0-0 11. f3 Rfd8 12. Bg5 d5 13. exd5 exd5 14. Nxc6 bxc6 15. cxd5 cxd5 16. Qd3 h6 17. Bh4 Rab8 18. b3 Rbc8 19. Rad1 Bb4 20. Bxf6 gxf6 21. Nxd5 Qxd5 22. Re8+ Rxe8 23. Qxd5 Bc5+ 24. Kh1 Bb6 25. Qd7 Rcd8 26. Qg4+ Kh8 27. Rxd8 Rxd8 28. g3 Rd1+ 29. Kg2 Rd2+ 30. Kh3 Rxa2 31. Qc4 Kg7 32. Qg4+ Kh8 33. Qh5 Kg7 34. Kg4 Ra5 35. Qh3 f5+ 36. Kh5 f4+ 37. Kg4 Bc7 38. gxf4 Bxf4 1-0

[Event "Sochi Lobanov Memorial Blitz"]
[Site "Sochi"]
[Date "2021.06.26"]
[Round "11"]
[White "Shkuratov, Vladimir"]
[Black "Ismagilov, Damir"]
[Result "0-1"]
[WhiteElo "1837"]
[BlackElo "2126"]
[PlyCount "106"]
[EventDate "2021.06.26"]
[EventType "swiss (blitz)"]
[EventRounds "13"]
[EventCountry "RUS"]
[SourceTitle "CBM 203 Extra"]
[Source "ChessBase"]
[SourceDate "2021.09.30"]
[SourceVersion "1"]
[SourceVersionDate "2021.09.30"]
[SourceQuality "1"]

1. e4 c5 2. Nf3 Nc6 3. d4 cxd4 4. Nxd4 Nf6 5. Nc3 e6 6. Ndb5 Bc5 7. Nd6+ Ke7 8. Bf4 e5 9. Nf5+ Kf8 10. Be3 Bb4 11. a3 Bxc3+ 12. bxc3 d5 13. Bc5+ Kg8 14. exd5 Bxf5 15. dxc6 bxc6 16. Qxd8+ Rxd8 17. Rd1 Ra8 18. Bd3 Be6 19. 0-0 Nd7 20. Bd6 f6 21. Ba6 Kf7 22. Bb7 Rad8 23. Bxc6 Nb6 24. Bb4 Rc8 25. Bb5 Rhd8 26. f3 Bc4 27. Bxc4+ Nxc4 28. Rxd8 Rxd8 29. g3 Rc8 30. Rd1 Ke6 31. a4 a5 32. Kf2 axb4 33. cxb4 Nb2 34. Rd2 Nxa4 35. Ke3 Nb6 36. Kd3 Rd8+ 37. Ke2 Rd4 38. c3 Rxd2+ 39. Kxd2 Kd5 40. Kd3 f5 41. g4 e4+ 42. fxe4+ fxe4+ 43. Ke3 Nc4+ 44. Ke2 Ke5 45. b5 Kf4 46. h3 g6 47. Kf2 e3+ 48. Ke2 Ke4 49. h4 h5 50. gxh5 gxh5 51. Ke1 Kd3 52. Kd1 Kxc3 53. Ke2 Kd4 0-1

[Event "Chigorin Memorial 27th"]
[Site "St Petersburg"]
[Date "2019.10.09"]
[Round "5"]
[White "Shkuratov, Vladimir"]
[Black "Indzhiev, Aldar"]
[Result "0-1"]
[WhiteElo "1869"]
[BlackElo "2180"]
[PlyCount "120"]
[EventDate "2019.10.05"]
[EventType "swiss"]
[EventRounds "9"]
[EventCountry "RUS"]
[SourceTitle "EXT 2020"]
[Source "ChessBase"]
[SourceDate "2019.10.17"]
[SourceVersion "1"]
[SourceVersionDate "2019.10.17"]
[SourceQuality "1"]

1. e4 c5 2. Nf3 Nc6 3. d4 cxd4 4. Nxd4 Nf6 5. Nc3 g6 6. Be3 Bg7 7. Bc4 0-0 8. f3 d6 9. Qd2 Bd7 10. 0-0-0 Rb8 11. Kb1 Na5 12. Bb3 b5 13. g4 Nc4 14. Bxc4 bxc4 15. Ka1 Qb6 16. Rb1 Qa5 17. Bh6 Bxh6 18. Qxh6 Rb6 19. h4 Rfb8 20. Nde2 Ba4 21. Qd2 Nd7 22. h5 g5 23. Qd5 Ra6 24. Qxa5 Rxa5 25. Rbc1 Ne5 26. Nd4 Bd7 27. Nd5 Kf8 28. a3 f6 29. Ka2 Rc5 30. b4 cxb3+ 31. cxb3 a5 32. b4 axb4 33. axb4 Rxc1 34. Rxc1 Nd3 35. Rb1 Ba4 36. b5 e5 37. Ne6+ Ke8 38. b6 Bc2 39. Nec7+ Kd7 40. Rb5 Kc6 41. Ne7+ Kb7 42. Ned5 Kc6 43. Ne7+ Kb7 44. Ned5 Ne1 45. Ra5 Nxf3 46. Ra7+ Kc6 47. Na6 Rxb6 48. Nab4+ Kb5 49. Nxc2 Rb8 50. Rc7 Nd2 51. Na3+ Ka6 52. Rc6+ Ka7 53. Rxd6 Nxe4 54. Rd7+ Rb7 55. Nb5+ Ka6 56. Nb4+ Kb6 57. Nd5+ Kc6 58. Rxb7 Kxb7 59. Nbc3 Nxc3+ 60. Nxc3 Kc6 0-1

[Event "Chigorin Memorial 27th"]
[Site "St Petersburg"]
[Date "2019.10.08"]
[Round "4"]
[White "Biriukov, Ilja"]
[Black "Shkuratov, Vladimir"]
[Result "1/2-1/2"]
[WhiteElo "2349"]
[BlackElo "1869"]
[PlyCount "84"]
[EventDate "2019.10.05"]
[EventType "swiss"]
[EventRounds "9"]
[EventCountry "RUS"]
[SourceTitle "EXT 2020"]
[Source "ChessBase"]
[SourceDate "2019.10.17"]
[SourceVersion "1"]
[SourceVersionDate "2019.10.17"]
[SourceQuality "1"]

1. d4 Nf6 2. c4 g6 3. Nc3 Bg7 4. e4 d6 5. f4 0-0 6. Nf3 Na6 7. Bd3 e5 8. fxe5 dxe5 9. d5 Nc5 10. Bc2 a5 11. 0-0 Ne8 12. Bg5 f6 13. Bh4 Qe7 14. a3 b6 15. Rb1 Nd6 16. b4 Nd7 17. Bd3 Ba6 18. Nb5 Bxb5 19. cxb5 axb4 20. axb4 Bh6 21. Qe2 Qe8 22. Ra1 Rxa1 23. Rxa1 f5 24. Bg5 Bg7 25. Rc1 h6 26. Bh4 fxe4 27. Bxe4 Rf4 28. Bd3 Rxb4 29. Be1 Ra4 30. Qc2 Nc5 31. Bxg6 Qxb5 32. Bh7+ Kh8 33. Bc3 Nde4 34. Bxe4 Rxe4 35. Bxe5 Bxe5 36. Nxe5 Rxe5 37. Qg6 Qe8 38. Qxh6+ Kg8 39. Rf1 Re7 40. d6 cxd6 41. Qxd6 Re6 42. Qd5 Qg6 1/2-1/2

[Event "Chigorin Memorial 27th"]
[Site "St Petersburg"]
[Date "2019.10.05"]
[Round "1"]
[White "Shkuratov, Vladimir"]
[Black "Gubajdullin, Alexey"]
[Result "0-1"]
[WhiteElo "1869"]
[BlackElo "2345"]
[PlyCount "330"]
[EventDate "2019.10.05"]
[EventType "swiss"]
[EventRounds "9"]
[EventCountry "RUS"]
[SourceTitle "EXT 2020"]
[Source "ChessBase"]
[SourceDate "2019.10.17"]
[SourceVersion "1"]
[SourceVersionDate "2019.10.17"]
[SourceQuality "1"]

1. e4 c5 2. Nf3 a6 3. c3 d5 4. exd5 Qxd5 5. d4 e6 6. Be2 Nf6 7. 0-0 Nc6 8. Be3 cxd4 9. cxd4 Be7 10. Nc3 Qd6 11. Qd2 0-0 12. Rfd1 Nd5 13. Rac1 Rd8 14. Nxd5 Qxd5 15. Bc4 Qh5 16. a3 e5 17. Be2 Qg6 18. Qe1 Bh3 19. Bf1 Bg4 20. Be2 Bxf3 21. Bxf3 exd4 22. Bxc6 dxe3 23. Bxb7 Bc5 24. fxe3 Rxd1 25. Rxd1 Re8 26. b4 Rxe3 27. bxc5 Rxe1+ 28. Rxe1 Kf8 29. c6 Qc2 30. Re3 f5 31. Kf1 f4 32. Rf3 g5 33. h3 a5 34. g3 Qe4 35. Kf2 Ke7 36. gxf4 gxf4 37. Ba6 Qxc6 38. Be2 Qc5+ 39. Kg2 Qd5 40. Kf2 Qd4+ 41. Kf1 Kf6 42. Kg2 Ke5 43. Kf1 Qa1+ 44. Kf2 h6 45. Rd3 Ke4 46. Rf3 Qb1 47. Rc3 Qb6+ 48. Kf1 a4 49. Rf3 Qd4 50. Kg2 Qb2 51. Kf1 Qb1+ 52. Kf2 Qh1 53. Rd3 Qh2+ 54. Kf1 Ke5 55. Rf3 Kf5 56. Bd3+ Kg5 57. Be2 Kh4 58. Rd3 Qh1+ 59. Kf2 Qh2+ 60. Kf1 Kg5 61. Rf3 Kf5 62. Bd3+ Ke5 63. Be2 Ke4 64. Rd3 Qh1+ 65. Kf2 Qb1 66. Rf3 Qb6+ 67. Kf1 Qf6 68. Kf2 Qb6+ 69. Kf1 Qd4 70. Kg2 Qd8 71. Kf1 Qa5 72. Kf2 Qd2 73. Kf1 Kd4 74. Kf2 Kc5 75. Kf1 Kb6 76. Kf2 Kc7 77. Kf1 Kb7 78. Kf2 Qc1 79. Rd3 Kc7 80. Rf3 Kd6 81. Rd3+ Ke7 82. Rf3 h5 83. Rd3 Kf6 84. Rf3 Ke5 85. Rd3 Ke4 86. Rf3 Qh1 87. Rd3 Qa1 88. Rf3 Qb1 89. Rc3 Kd4 90. Rf3 Qb6 91. Kf1 Ke4 92. Kg2 Qd8 93. Kf1 Qh4 94. Rd3 Ke5 95. Rf3 Kd5 96. Rd3+ Ke4 97. Rf3 Qf6 98. Kg2 Qg7+ 99. Kf1 Qa1+ 100. Kf2 Qb1 101. Rc3 Kd4 102. Rc4+ Ke5 103. Rc3 Qh1 104. Rd3 Qh2+ 105. Kf1 Qh1+ 106. Kf2 Qb1 107. Rf3 Qc2 108. Rd3 Kf5 109. Rf3 Ke4 110. Kf1 Qb1+ 111. Kf2 h4 112. Rc3 Qb6+ 113. Kf1 Qf6 114. Rf3 Qg7 115. Kf2 Qa7+ 116. Kf1 Qd4 117. Kg2 Qa1 118. Kf2 Qh1 119. Rd3 Qh2+ 120. Kf1 Ke5 121. Rf3 Kd4 122. Rd3+ Kc4 123. Rf3+ Kc5 124. Rc3+ Kd4 125. Rd3+ Ke4 126. Rf3 Qh1+ 127. Kf2 Ke5 128. Rd3 Qb1 129. Rc3 Qa2 130. Rd3 Qa1 131. Rf3 Qc1 132. Rd3 Qb1 133. Rc3 Qb6+ 134. Kf1 Qg6 135. Rf3 Kd4 136. Kf2 Qb6 137. Kf1 Ke4 138. Rc3 Qb8 139. Kf2 Qa7+ 140. Kf1 Qg7 141. Rd3 Qh8 142. Kf2 Qa1 143. Rf3 Qc1 144. Rd3 Qc5+ 145. Kf1 Qc1+ 146. Kf2 Qb1 147. Rc3 Qb6+ 148. Kf1 Qb8 149. Kf2 Qd6 150. Kf1 f3 151. Rxf3 Qh2 152. Rd3 Qf4+ 153. Kg2 Qg5+ 154. Kf2 Qc5+ 155. Kf1 Qf5+ 156. Kg2 Qf4 157. Rf3 Qd2 158. Kf2 Qd4+ 159. Kf1 Qc5 160. Kg2 Qg5+ 161. Kf1 Qc1+ 162. Kf2 Qb1 163. Rc3 Qb6+ 164. Ke1 Qa5 165. Kd2 Kd4 0-1

[Event "Chigorin Memorial 25th"]
[Site "St Petersburg"]
[Date "2017.10.27"]
[Round "7"]
[White "Shkuratov, Vladimir"]
[Black "Kobozev, Aleksandr"]
[Result "1/2-1/2"]
[WhiteElo "1887"]
[BlackElo "1554"]
[PlyCount "115"]
[EventDate "2017.10.21"]
[EventType "swiss"]
[EventRounds "9"]
[EventCountry "RUS"]
[SourceTitle "CBM 181 Extra"]
[Source "ChessBase"]
[SourceDate "2017.12.12"]
[SourceVersion "1"]
[SourceVersionDate "2017.12.12"]
[SourceQuality "1"]

1. e4 c5 2. Nf3 Nc6 3. d4 cxd4 4. Nxd4 e5 5. Nb5 a6 6. N5c3 Nf6 7. g3 Bc5 8. Bg2 h6 9. 0-0 d6 10. Nd5 b5 11. a4 b4 12. h3 a5 13. Be3 Nd4 14. Nd2 Nxd5 15. exd5 0-0 16. Ne4 Ba6 17. Re1 Bb6 18. c3 Nf5 19. Bxb6 Qxb6 20. Qg4 Bc8 21. Qf3 Ne7 22. Rad1 Ba6 23. cxb4 axb4 24. Qe3 Qxe3 25. Rxe3 Nf5 26. Ree1 Rfd8 27. Rc1 Nd4 28. Kh2 f5 29. Nd2 Rac8 30. b3 e4 31. g4 g6 32. gxf5 gxf5 33. h4 Rc3 34. Bf1 Bxf1 35. Rxf1 Rdc8 36. Rb1 R8c5 37. Nc4 Rxd5 38. a5 Nxb3 39. a6 Rxc4 40. Rxb3 Ra5 41. Rfb1 Rxa6 42. Rxb4 Rxb4 43. Rxb4 d5 44. Rd4 Rd6 45. Kg3 Kf7 46. Kf4 Kf6 47. Rb4 d4 48. Rb2 d3 49. Rd2 Rd4 50. h5 Rc4 51. Ra2 Rc2 52. Ra6+ Kg7 53. Ke3 Re2+ 54. Kf4 Rxf2+ 55. Ke5 e3 56. Ra7+ Kf8 57. Ke6 e2 58. Ra8+ 1/2-1/2

[Event "Chigorin Memorial 25th"]
[Site "St Petersburg"]
[Date "2017.10.24"]
[Round "4"]
[White "Babazada, Khazar Araz"]
[Black "Shkuratov, Vladimir"]
[Result "1-0"]
[WhiteElo "2090"]
[BlackElo "1887"]
[PlyCount "55"]
[EventDate "2017.10.21"]
[EventType "swiss"]
[EventRounds "9"]
[EventCountry "RUS"]
[SourceTitle "CBM 181 Extra"]
[Source "ChessBase"]
[SourceDate "2017.12.12"]
[SourceVersion "1"]
[SourceVersionDate "2017.12.12"]
[SourceQuality "1"]

1. Nf3 Nf6 2. g3 e6 3. Bg2 d5 4. 0-0 Be7 5. c4 0-0 6. b3 b6 7. cxd5 exd5 8. Bb2 Bb7 9. d3 Nbd7 10. Nbd2 c5 11. Re1 Re8 12. e4 dxe4 13. dxe4 Qc7 14. Qc2 Rad8 15. Rad1 Nf8 16. e5 Nd5 17. a3 Ne6 18. Ne4 b5 19. h4 Rd7 20. Nfg5 Nxg5 21. hxg5 Rc8 22. Bh3 Rcd8 23. e6 fxe6 24. Bxe6+ Kh8 25. Bxd7 Rxd7 26. Qe2 a6 27. Qh5 Qd8 28. Nxc5 1-0